|
|
|
|
| LEADER |
00000caa a2200000 c 4500 |
| 001 |
1621818993 |
| 003 |
DE-627 |
| 005 |
20220606121915.0 |
| 007 |
tu |
| 008 |
080225s1995 xx ||||| 00| ||ger c |
| 035 |
|
|
|a (DE-627)1621818993
|
| 035 |
|
|
|a (DE-576)277601452
|
| 035 |
|
|
|a (DE-599)BSZ277601452
|
| 035 |
|
|
|a (DE-615)00711509
|
| 040 |
|
|
|a DE-627
|b ger
|c DE-627
|e rakwb
|
| 041 |
|
|
|a ger
|
| 084 |
|
|
|a RA05.01
|2 fivr
|
| 084 |
|
|
|a SG03.02
|2 fivs
|
| 100 |
1 |
|
|a Körner, Harald Hans
|d 1944-
|0 (DE-588)118084844
|0 (DE-627)079235239
|0 (DE-576)161774555
|4 aut
|
| 109 |
|
|
|a Körner, Harald Hans 1944-
|a Körner, Harald H. 1944-
|a Körner, Harald 1944-
|a Körner, H. H. 1944-
|
| 245 |
1 |
0 |
|a Soll Drogenhilfe strafbar sein?
|b der Meinungsstreit um die Zulässigkeit von Gesundheitsräumen
|c Harald Hans Körner
|
| 264 |
|
1 |
|c 1995
|
| 336 |
|
|
|a Text
|b txt
|2 rdacontent
|
| 337 |
|
|
|a ohne Hilfsmittel zu benutzen
|b n
|2 rdamedia
|
| 338 |
|
|
|a Band
|b nc
|2 rdacarrier
|
| 650 |
0 |
7 |
|0 (DE-588)4140775-1
|0 (DE-627)105625388
|0 (DE-576)209705663
|a Drogenpolitik
|2 gnd
|
| 650 |
0 |
7 |
|0 (DE-588)4138597-4
|0 (DE-627)104577576
|0 (DE-576)209687398
|a Drogenabhängigkeit
|2 gnd
|
| 650 |
0 |
7 |
|0 (DE-588)4198658-1
|0 (DE-627)105187038
|0 (DE-576)210123443
|a Drogenkonsum
|2 gnd
|
| 650 |
0 |
7 |
|0 (DE-588)4018801-2
|0 (DE-627)106323946
|0 (DE-576)208926593
|a Fürsorge
|2 gnd
|
| 651 |
|
7 |
|0 (DE-588)4011882-4
|0 (DE-627)104704861
|0 (DE-576)208896155
|a Deutschland
|2 gnd
|
| 773 |
0 |
8 |
|i In
|t Zeitschrift für Rechtspolitik
|d München : Beck, 1968
|g 28(1995), 12, Seite 453 - 457
|w (DE-627)129457914
|w (DE-600)200145-7
|w (DE-576)014821311
|x 0514-6496
|7 nnas
|
| 773 |
1 |
8 |
|g volume:28
|g year:1995
|g number:12
|g pages:453 - 457
|
| 935 |
|
|
|a mkri
|
| 936 |
f |
i |
|0 (DE-627)1756131678
|a RA05.01
|b Deutschland
|k Europa
|k Mitteleuropa
|k Deutschland
|2 fivr
|
| 936 |
f |
i |
|0 (DE-627)1756136017
|a SG03.02
|b Gesundheit
|k Gesellschaft
|k Sozialpolitik/Soziales
|k Gesundheit
|2 fivs
|
| 938 |
1 |
0 |
|0 (DE-627)175614625X
|0 (DE-615)6603417
|a Deutschland
|2 fivt
|
| 938 |
1 |
0 |
|0 (DE-627)1756158290
|0 (DE-615)6602521
|a Drogenpolitik
|2 fivt
|
| 938 |
1 |
0 |
|0 (DE-627)1756197660
|0 (DE-615)6600831
|a Drogenabhängigkeit/Drogenkonsum
|2 fivt
|
| 938 |
1 |
0 |
|0 (DE-627)1756227500
|0 (DE-615)6606388
|a Soziale Betreuung/Sozialfürsorge
|2 fivt
|
| 938 |
1 |
1 |
|0 (DE-627)175622854X
|0 (DE-615)6606715
|a Strafrecht
|2 fiva
|
| 938 |
1 |
1 |
|0 (DE-627)1756141800
|0 (DE-615)6603805
|a Schweiz
|2 fiva
|
| 951 |
|
|
|a AR
|
| ELC |
|
|
|b 1
|
| LOK |
|
|
|0 000 xxxxxcx a22 zn 4500
|
| LOK |
|
|
|0 001 3242486455
|
| LOK |
|
|
|0 003 DE-627
|
| LOK |
|
|
|0 004 1621818993
|
| LOK |
|
|
|0 005 20250909152316
|
| LOK |
|
|
|0 008 160208||||||||||||||||ger|||||||
|
| LOK |
|
|
|0 040
|a DE-21-110
|c DE-627
|d DE-21-110
|
| LOK |
|
|
|0 689
|a s
|a Heroin
|
| LOK |
|
|
|0 852
|a DE-21-110
|
| LOK |
|
|
|0 852 1
|m p
|9 00
|
| LOK |
|
|
|0 935
|a k110
|
| LOK |
|
|
|0 938
|k p
|
| LOK |
|
|
|0 939
|a 08-02-16
|b l01
|
| ORI |
|
|
|a SA-MARC-krimdoka001.raw
|